[Event "Landesliga U20 Nord 1516"]
[Site "Bayern"]
[Date "2015.12.19"]
[Round "3.3"]
[White "Brand, Gabriel"]
[Black "Sammet, Dominik"]
[Result "0-1"]
[WhiteElo "947"]
[BlackElo "1760"]
[PlyCount "94"]
[EventDate "2015.11.21"]
[EventType "team-tourn"]
[EventRounds "7"]
[EventCountry "GER"]
[SourceTitle "EXT 2022"]
[Source "ChessBase"]
[SourceDate "2021.10.06"]
[SourceVersion "1"]
[SourceVersionDate "2021.10.06"]
[SourceQuality "1"]
[WhiteTeam "Freising SK U20"]
[BlackTeam "Bavaria Regensburg U20"]
[WhiteTeamCountry "GER"]
[BlackTeamCountry "GER"]

1. e4 c5 2. d4 cxd4 3. Qxd4 Nc6 4. Qd1 Nf6 5. Nc3 e6 6. Nf3 Bb4 7. Bd2 0-0 8. Be2 Bxc3 9. Bxc3 Nxe4 10. 0-0 Nxc3 11. bxc3 b6 12. Re1 Qe7 13. Bd3 Bb7 14. c4 Rfd8 15. c3 h6 16. Qa4 Rac8 17. Nd4 Qg5 18. Rad1 Nxd4 19. g3 Nf3+ 20. Kf1 Nxh2+ 21. Kg1 Nf3+ 22. Kf1 Nxe1 23. Kxe1 Qa5 24. Qb3 d5 25. Kf1 dxc4 26. Bxc4 Rxd1+ 27. Qxd1 Qxc3 28. Be2 Qc1 29. f4 Qxd1+ 30. Bxd1 Rd8 31. Be2 Rd2 32. Bc4 Bd5 33. Bb5 Rxa2 34. Bd3 a5 35. Bb1 Ra1 36. Ke2 Rxb1 37. Kd3 a4 38. Kd4 f6 39. g4 a3 40. f5 a2 41. fxe6 Bxe6 42. Ke4 a1R 43. Kd4 Ra4+ 44. Ke3 Rb3+ 45. Kd2 Ra2+ 46. Kc1 Rh3 47. Kb1 Rh1# 0-1